000 00504nam a2200193 a 4500
001 1777027203221
003 YourLibrary
005 20260424161207.0
008 260424s2001##################000#0#eng##
020 _a9780205274680
082 0 4 _a344.730791BOY
100 1 _aBoyle, Joseph R.,
_eauthor.
245 1 0 _aSpecial Education Law with Cases :
260 _bPrentice Hall,
_c2001.
300 _a266 pages
650 0 _aEducation.
942 _cENGLISH
040 _aYourLibrary
_beng
_cYourLibrary
999 _c619830
_d619830